00370 a2200109 4500020003600000082001900036100001800055245007900073260004700152300003300199650002800232 a0471691631 (cloth : alk. paper) a624.151363 DUN aDuncan, J. M. aSoil strength and slope stability /cJ. Michael Duncan, Stephen G. Wright. aHoboken, N.J. :bJohn Wiley & Sons,c2005. aix, 297 p. :bill. ;c28 cm. aSlopes (Soil mechanics)